000 00383nab a22001337a 4500
001 T027600010953-08
008 190830b xxu||||| |||| 00| 0 esp |
040 _aFEVP
_cFEVP
100 _aVargas Arenas, Iriada.
245 _aVenezuela: el proyecto de Estado democrático descentralizado.
300 _app. 107-147
650 _aAdmisión a la Universidad--América Latina
942 _cANL
999 _c13812
_d13812